| Tag |
First Indicator |
Second Indicator |
Subfields |
| LEADER |
00000cam a2200000 i 4500 |
| 001 |
in00003537607 |
| 005 |
20210430152352.0 |
| 006 |
m o d f |
| 007 |
cr m|||||||||| |
| 008 |
150311s2014 dcua ob f000 0 eng c |
| 035 |
|
|
|a (OCoLC)ocn904728517
|
| 042 |
|
|
|a pcc
|
| 043 |
|
|
|a n-us---
|
| 040 |
|
|
|a GPO
|b eng
|e rda
|e pn
|c GPO
|d MvI
|
| 049 |
|
|
|a WWW
|
| 074 |
|
|
|a 0546-D (online)
|
| 086 |
0 |
|
|a GA 1.13:GAO-15-155
|
| 088 |
|
|
|a GAO-15-155
|
| 110 |
1 |
|
|a United States.
|b Government Accountability Office,
|e issuing body.
|
| 245 |
1 |
0 |
|a Information sharing, DHS is assessing fusion center capabilities and results, but needs to more accurately account for federal funding provided to Centers :
|b report to congressional requesters.
|
| 246 |
3 |
0 |
|a Fusion center performance
|
| 264 |
|
1 |
|a [Washington, D.C.] :
|b United States Government Accountability Office,
|c 2014.
|
| 300 |
|
|
|a 1 online resource (iii, 51 pages) :
|b color illustrations
|
| 336 |
|
|
|a text
|2 rdacontent
|
| 337 |
|
|
|a computer
|2 rdamedia
|
| 338 |
|
|
|a online resource
|2 rdacarrier
|
| 500 |
|
|
|a Title from title screen (viewed Mar. 3, 2015).
|
| 500 |
|
|
|a "November 2014."
|
| 504 |
|
|
|a Includes bibliographical references.
|
| 500 |
|
|
|a "GAO-15-155."
|
| 610 |
1 |
0 |
|a United States.
|b Department of Homeland Security
|x Information services.
|
| 650 |
|
0 |
|a Federal aid to terrorism prevention
|z United States.
|
| 650 |
|
0 |
|a Terrorism risk communication
|z United States.
|
| 650 |
|
0 |
|a Interagency coordination
|z United States.
|
| 856 |
4 |
0 |
|u https://purl.fdlp.gov/GPO/gpo55663
|t 0
|
| 856 |
4 |
0 |
|u http://purl.fdlp.gov/GPO/gpo55663
|t 0
|
| 999 |
f |
f |
|s a3e812b9-1eec-3b7e-99fe-4d5b254a49c6
|i 9fd5ce6c-ca86-3edb-9176-f854b5445e95
|t 0
|
| 952 |
f |
f |
|a Texas A&M University
|b College Station
|c Electronic Resources
|d Available Online
|t 0
|e GA 1.13:GAO-15-155
|h Superintendent of Documents classification
|
| 998 |
f |
f |
|a GA 1.13:GAO-15-155
|t 0
|l Available Online
|